Регионална библиотека "Любен Каравелов" - Русе

Сойка-присмехулка (Запис номер 124638)

MARC детайли
000 -Лидер
Контролно поле с фиксирана дължина 01483nam a2200385 c 4500
003 - Код на организацията, давaща контролен номер
Контролно поле BLK
005 - Дата и час на последна редакция
Контролно поле 20250726114227.0
008 - Елементи от данни с фиксирана дължина
fixed length control field 180409b bul|||||r ||||||| ||bul||
010 ## - Наследен системен номер
LC control number KNG00130304000
020 ## - Международен стандартен номер на книга ISBN
Международен стандартен номер на книга ISBN 978-954-8208-75-8
040 ## - Източник на каталожния запис
Идентификатор на билиотеката - собственик на записа BLK
041 ## - Код за език
Код за езика на текст/звукозапис или на отделно заглавие Български
Код за езика КДБФ Български
072 #7 - Код за тематичната категория
Код организация bullib
Код за тематична категория Н8302
Текст Фантастика Н
080 ## - УДК
Текстов определител УДК Американска литература (на САЩ)
УДК код - определител по УДК 821.111(73)
УДК определител -312.9
УДК - код + определител 821.111(73)-312.9
100 1# - Редна дума - Автор
Автор Колинс, Сюзан
Авторска отговорност първи автор
R(LIN) 301426
139 ## - Редно поле
Редна дума Колинс, Сюзан
Авторски знак Колев - К 78
245 10 - Сведения за заглавието
Заглавие Сойка-присмехулка
Подзаглавни данни Роман
Редно поле (дума) Сюзан Колинс; прев. Деница Райкова.
257 ## - Страна на издаване
Страна на създаване/издаване Съединени американски щати
260 ## - Област на издателските данни
Име на издателя, разпространителя и проч. Екслибрис
Година на издаване 2011
Печатница Костинброд : Мултипринт
300 ## - Физическа характеристика
Страници 382 с.
Размери/Мащаб 20 см
380 ## - Жанр
Жанр Худож. лит.
490 ## - СЕРИИ (Колекции)
Име на серия Игрите на глада
№: серия Кн. 3
500 ## - Общи забележки
Забележка Ориг. загл. Mockingjay / Suzanne Collins.
653 ## - Ключова дума – ненормативна
Ключова дума фантастика
653 ## - Ключова дума – ненормативна
Ключова дума романи
659 ## - Тематичен бюлетин
Тематичен бюлетин Н
700 ## - Други автори (авторска отговорност)
Лично име Райкова, Деница Иванова
Дати, свързани с автора 1977 -
Друга информация преводач от англ. език, автор на кратка проза
Автороска отговорност (Описва отношението между автора и произведението) прев.
9 (RLIN) 262557
852 ## - Местоположение
Форматна сигнатура Цб 243764
856 4# - Електронен адрес и достъп
Електронен формат pdf - файл
856 4# - Електронен адрес и достъп
Електронен формат pdf - файл
942 ## - АРТИКУЛИ
Вид на библиотечния материал Книги
Скрит в OPAC Не
Koha issues (borrowed), all copies 28
944 ## - СЪЗДАВАНЕ И РЕДАКЦИЯ на ЗАПИСА
Създаване/Редакция Създаване
Дата на регистрацията/редакция 04.05.2012
Статус, дата на статуса Кети Илиева
Служител, извършил регистрацията/редакцията 30550
944 ## - СЪЗДАВАНЕ И РЕДАКЦИЯ на ЗАПИСА
Създаване/Редакция Редакция
Дата на регистрацията/редакция 05.10.2017
Статус, дата на статуса ф /
Служител, извършил регистрацията/редакцията Людмила_Стоянова
999 ## - СИСТЕМНИ КОНТРОЛНИ НОМЕРА
Koha biblionumber 124638
Koha biblioitemnumber 124638
999 ## - СИСТЕМНИ КОНТРОЛНИ НОМЕРА
Koha biblioitemnumber 124638
Наличности
Код за отписване Код за изгубен артикул Източник на класификационната схема Код за повреда Коз за рестрикции Код за отдаване Артикулен № Име на библиотеката - собственик Име на библиотеката, в която се намира в момента Статус (Текущо местоположение) Дата на вписване в системата Местоположение - отдел Цена в лева Инвентарен номер Систематично азбучна сигнатура Баркод Номер на екземпляра Цена в евро Служебна бележка Служебен тип на артикула
  Не е изгубен Universal Decimal Classification Не е повреден без рестрикции заемане за дома 202279 Регионална библиотека "Любен Каравелов" Русе Регионална библиотека "Любен Каравелов" Русе Заемна - подръчен фонд 2012-05-16 Заемна - подръчен фонд 11.92 120000757286 П 820(73)-31/К 78 120000757286 1 6.09 Дост: DA Вид: А N: 7 Дата: 16.05.2012 Дата инв: 13.02.2018 Бележки инв: П2018 Книги
Изтеглен Не е изгубен Universal Decimal Classification Не е повреден без рестрикции заемане за дома 202280 Регионална библиотека "Любен Каравелов" Русе Регионална библиотека "Любен Каравелов" Русе Заемна - подръчен фонд 2012-05-16 Заемна - подръчен фонд 11.92 120000757287 П 820(73)-31/К 78 120000757287 2 6.09 Дост: DA Вид: А N: 7 Дата: 16.05.2012 Дата инв: 13.02.2018 Бележки инв: П2018 Книги
  Не е изгубен   Не е повреден без рестрикции ползва се в читалня 202281 Регионална библиотека "Любен Каравелов" Русе Регионална библиотека "Любен Каравелов" Русе Хранилище 2013-06-20 Хранилище 14.90 120000767172 Цб 243764 120000767172 3 7.62 Дост: Dp Вид: Д N: 8 Дата: 20.02.2012 Книги
  Не е изгубен   Не е повреден без рестрикции заемане за дома 202282 Регионална библиотека "Любен Каравелов" Русе Регионална библиотека "Любен Каравелов" Русе Заемна - подръчен фонд 2017-09-30 Заемна - подръчен фонд 14.90 120000815563 П 820(73)-31/К 78 120000815563 4 7.62 Дост: DA Вид: А N: 37 Дата: 30.09.2017 Дата инв: 13.02.2018 Бележки инв: П2018 Книги
Vip Innovations Ltd, Rousse, Bulgaria 2025